| 000 | 00436pab a2200157 454500 | ||
|---|---|---|---|
| 008 | 180718b2015 xxu||||| |||| 00| 0 eng d | ||
| 100 | _aAnand, Shaweta | ||
| 245 | _aNeed to study perceptions of well-being and ill-being of trafficked and rescued children | ||
| 260 | _c2015 | ||
| 300 | _ap.337-350. | ||
| 362 | _aOct-Dec | ||
| 650 | _arights of the child | ||
| 650 | _aChild welfare | ||
| 773 | _aSocial Action | ||
| 909 | _a109666 | ||
| 999 |
_c109661 _d109661 |
||